000 00455cam a2200181ua 4500
001 3884
008 111208n ii |||gr||||Z||||||asm
040 _cMAIN
082 _a891.4511
100 _aSarmah, Bibhuti Kumar,
245 1 1 _aKncha matir gundha
_cby Bibhuti Kumar Sarmah
250 _a1st.
260 _aDuliajan:
_bBhaskar jyoti sarmah,
_c2002.
300 _a58p:
_c23cm.
653 _aAssamese poem
653 _aKncha matir gundha
942 _cBK
999 _c3707
_d3707